Movie by eBay Listing Quiz Stats

 Plays Quiz Updated Mar 7, 2018

Support Sporcle.
Go Orange.
Score 0/20 Timer 06:00
0 Plays Today
% Correct
The Wizard of Oz
96.3%
The Lord of the Rings
94.4%
The Hunger Games
90.8%
Jaws
89.6%
The Silence of the Lambs
88.7%
Titanic
88.3%
Ghostbusters
88.2%
Cast Away
86.9%
Friday the 13th
85.6%
Harry Potter and the Sorcerer's Stone
79.1%
% Correct
Men in Black
78.5%
Jurassic Park
76.6%
Back to the Future
73.8%
A Christmas Story
61.6%
Fargo
59.3%
The Maltese Falcon
55%
Citizen Kane
52.2%
Spaceballs
47.2%
Monty Python and the Holy Grail
44.2%
Indiana Jones and the Temple of Doom
43.7%

From the Vault

Find 7 Cities: Central America

by Tasi

Geography 2.5m
The first step is finding Central America itself.
Remove Ads.
Support Sporcle.
Get the best of Sporcle when you Go Orange. This ad-free experience offers more features, more stats, and more fun while also helping to support Sporcle. Thank you for becoming a member.

Show Comments

Extras

Top Quizzes Today


Score Distribution

Your Account Isn't Verified!

In order to create a playlist on Sporcle, you need to verify the email address you used during registration. Go to your Sporcle Settings to finish the process.

Report this User

Report this user for behavior that violates our Community Guidelines.

Details: